|
|
|
|
| LEADER |
00953nam a2200265 4500 |
| 001 |
DLU060052254 |
| 040 |
# |
# |
|a DLU
|b vie
|
| 041 |
# |
# |
|a vie
|
| 044 |
# |
# |
|a vn
|
| 100 |
# |
# |
|a Nguyễn Văn Khánh, Nguyễn Văn Sửu
|
| 245 |
# |
# |
|a Phong trào Đông Du trong tiến trình cách mạng giải phóng dân tộc Việt Nam và trong quan hệ văn hoa, giáo dục Việt Nam - Nhật Bản /
|c Nguyễn Văn Khánh, Nguyễn Văn Sửu
|
| 653 |
# |
# |
|a Giải phóng dân tộc
|
| 653 |
# |
# |
|a Phong trào Đông Du
|
| 773 |
# |
# |
|t Tạp chí khoa học = Journal of science: Khoa học xã hội & Nhân văn
|g Số 4,Tập XXI, 2005, tr.1-11
|
| 920 |
# |
# |
|a Phòng Tạp chí -- Trung tâm Thông tin - Thư viện Trường Đại học Đà Lạt
|
| 933 |
# |
# |
|a CT, TN
|
| 994 |
# |
# |
|a DLU
|
| 900 |
# |
# |
|a True
|
| 911 |
# |
# |
|a Nguyễn Thị Yên
|
| 925 |
# |
# |
|a G
|
| 926 |
# |
# |
|a A
|
| 927 |
# |
# |
|a BB
|
| 980 |
# |
# |
|a Thư viện Trường Đại học Đà Lạt
|